| 000 | 00416nam a2200121Ia 4500 | ||
|---|---|---|---|
| 008 | 170221s9999 xx 000 0 und d | ||
| 100 | _aBrandon K. Renfro | ||
| 245 | _aStock price reaction to analysts’ EPS forecast error | ||
| 245 | _cBrandon K. Renfro, Hampton University. | ||
| 260 | _bJournal of Management and Marketing Research | ||
| 650 | _xBusiness | ||
| 856 | _uhttp://www.aabri.com/manuscripts/142101.pdf | ||
| 999 |
_c307833 _d307833 |
||